000
00319nam a2200145Ia 4500
100
_a
Crockett/ J.C.
650
_a
Carpentery
942
_c
RB
654
_a
Gear Cutting
245
_a
Gear Cutting Practice
260
_b
Machinery Publication
_a
London
_c
1971
082
_a
621.83
300
_a
342
546
_a
ENGLISH
999
_c
31302
_d
31302